MARC details
| 000 -LEADER |
| fixed length control field |
01995cas a2200541 a 4500 |
| 001 - CONTROL NUMBER |
| control field |
11458738 |
| 003 - CONTROL NUMBER IDENTIFIER |
| control field |
OSt |
| 005 - DATE AND TIME OF LATEST TRANSACTION |
| control field |
20230704090940.0 |
| 008 - FIXED-LENGTH DATA ELEMENTS--GENERAL INFORMATION |
| fixed length control field |
951124c19779999iauuu 0 a0eng |
| 010 ## - LIBRARY OF CONGRESS CONTROL NUMBER |
| LC control number |
95659155 |
| Canceled/invalid LC control number |
2013042888 |
| 022 0# - INTERNATIONAL STANDARD SERIAL NUMBER |
| International Standard Serial Number |
1088-9973 |
| ISSN-L |
1088-9973 |
| Source |
1 |
| 035 ## - SYSTEM CONTROL NUMBER |
| System control number |
(OCoLC)ocm33724949 |
| 040 ## - CATALOGING SOURCE |
| Original cataloging agency |
DLC |
| Language of cataloging |
eng |
| Transcribing agency |
DLC |
| Modifying agency |
NSD |
| -- |
GUA |
| -- |
CLU |
| -- |
DLC |
| -- |
OCLCG |
| -- |
OCLCQ |
| -- |
OCLCO |
| -- |
OCLCF |
| -- |
DLC |
| -- |
OCLCO |
| -- |
OCLCQ |
| -- |
OCLCO |
| 042 ## - AUTHENTICATION CODE |
| Authentication code |
pcc |
| -- |
nsdp |
| 043 ## - GEOGRAPHIC AREA CODE |
| Geographic area code |
n-us--- |
| 050 00 - LIBRARY OF CONGRESS CALL NUMBER |
| Classification number |
KF2750 |
| Item number |
.M34 |
| 082 00 - DEWEY DECIMAL CLASSIFICATION NUMBER |
| Classification number |
343.7309/9 |
| Edition number |
20 |
| Item number |
PEM |
| 210 0# - ABBREVIATED TITLE |
| Abbreviated title |
Mass media law |
| 222 #0 - KEY TITLE |
| Key title |
Mass media law |
| 245 00 - TITLE STATEMENT |
| Title |
Mass media law. |
| 260 ## - PUBLICATION, DISTRIBUTION, ETC. (IMPRINT) |
| Place of publication, distribution, etc. |
Dubuque, Iowa : |
| Name of publisher, distributor, etc. |
Wm. C. Brown Co., |
| Date of publication, distribution, etc. |
2004 |
| 300 ## - PHYSICAL DESCRIPTION |
| Extent |
volumes ; |
| Dimensions |
24 cm |
| 336 ## - CONTENT TYPE |
| Content type term |
text |
| Content type code |
txt |
| Source |
rdacontent |
| 337 ## - MEDIA TYPE |
| Media type term |
unmediated |
| Media type code |
n |
| Source |
rdamedia |
| 338 ## - CARRIER TYPE |
| Carrier type term |
volume |
| Carrier type code |
nc |
| Source |
rdacarrier |
| 362 0# - DATES OF PUBLICATION AND/OR SEQUENTIAL DESIGNATION |
| Dates of publication and/or sequential designation |
[1st ed.]- |
| 500 ## - GENERAL NOTE |
| General note |
Volumes for 1977-<2001> by: D.R. Pember. |
| 500 ## - GENERAL NOTE |
| General note |
Published by: Brown & Benchmark, 1993-1997; McGraw-Hill, 1998- |
| 500 ## - GENERAL NOTE |
| General note |
Volumes for 2001-2002- accompanied by CD-ROM. |
| 515 ## - NUMBERING PECULIARITIES NOTE |
| Numbering peculiarities note |
Vol. copyrighted 1977 lacks designation, but constitutes 1st ed. |
| 515 ## - NUMBERING PECULIARITIES NOTE |
| Numbering peculiarities note |
Volumes for 1977-1993 called [1st]-6th ed.; 1996- called 1996 ed.- |
| 525 ## - SUPPLEMENT NOTE |
| Supplement note |
Kept up-to-date by supplements. |
| 530 ## - ADDITIONAL PHYSICAL FORM AVAILABLE NOTE |
| Additional physical form available note |
Also issued on CD-ROM. |
| 588 ## - SOURCE OF DESCRIPTION NOTE |
| Source of description note |
Latest issue consulted: 2001-2002 ed. |
| 590 ## - LOCAL NOTE (RLIN) |
| Local note |
SERBIB/SERLOC merged record |
| 650 #0 - SUBJECT ADDED ENTRY--TOPICAL TERM |
| Topical term or geographic name as entry element |
Mass media |
| General subdivision |
Law and legislation |
| Geographic subdivision |
United States. |
| 650 #0 - SUBJECT ADDED ENTRY--TOPICAL TERM |
| Topical term or geographic name as entry element |
Press law |
| Geographic subdivision |
United States. |
| 650 #7 - SUBJECT ADDED ENTRY--TOPICAL TERM |
| Topical term or geographic name as entry element |
Mass media |
| General subdivision |
Law and legislation. |
| Source of heading or term |
fast |
| Authority record control number |
(OCoLC)fst01011258 |
| 650 #7 - SUBJECT ADDED ENTRY--TOPICAL TERM |
| Topical term or geographic name as entry element |
Press law. |
| Source of heading or term |
fast |
| Authority record control number |
(OCoLC)fst01075880 |
| 651 #7 - SUBJECT ADDED ENTRY--GEOGRAPHIC NAME |
| Geographic name |
United States. |
| Source of heading or term |
fast |
| Authority record control number |
(OCoLC)fst01204155 |
| 700 1# - ADDED ENTRY--PERSONAL NAME |
| Personal name |
Pember, Don R., |
| Dates associated with a name |
1939- |
| 776 1# - ADDITIONAL PHYSICAL FORM ENTRY |
| Title |
Mass media law (CD-ROM) |
| Record control number |
(DLC) 2006209886 |
| -- |
(OCoLC)76969995 |
| 776 08 - ADDITIONAL PHYSICAL FORM ENTRY |
| Relationship information |
Online version: |
| Title |
Mass media law |
| Record control number |
(OCoLC)707041312 |
| 906 ## - LOCAL DATA ELEMENT F, LDF (RLIN) |
| a |
7 |
| b |
cbc |
| c |
serials |
| d |
u |
| e |
ncip |
| f |
19 |
| g |
n-oclcserc |
| 942 ## - ADDED ENTRY ELEMENTS (KOHA) |
| Source of classification or shelving scheme |
Dewey Decimal Classification |
| Koha item type |
Books |